| 000 | 00612ngm a2200193 a 4500 | ||
|---|---|---|---|
| 005 | 20170220151455.0 | ||
| 008 | 140122b2000 ck ||||| |||| 00| 0 spa d | ||
| 040 |
_aCO-BoIAVH _cCO-BoIAVH |
||
| 041 | _aspa | ||
| 090 |
_aAV _b00281 |
||
| 110 |
_bInstituto de Investigación de Recursos Biológicos Alexander von Humboldt _bUnidad de Producción Audiovisual, UPA _979843 |
||
| 245 |
_aGrupo de evaluación y monitoreo ambiental _bGEMA |
||
| 257 | _aColombia | ||
| 300 | _a17 min. | ||
| 650 |
_aExploraciones científicas _94772 |
||
| 650 |
_aMonitoreo ambiental _979844 |
||
| 942 |
_cVHS _2z |
||
| 945 | _d2004-07-14 | ||
| 999 |
_c3548 _d3548 |
||